000 00691nam a22001337a 4500
040 _cRUA
082 _aFOR SUN 2015 B544 Or.1
100 _aSUN PHANIT; ស៊ុន ផានិត
245 _aStudy on present of luxury wood, rare wood and situation of growth in royal university of agriculture; សិក្សាពីវត្តមាន​ប្រភេទឈើប្រណិត ឈើកម្រនិងស្ថានភាពនៃការដុះដាល នៅក្នុងសាកលវិទ្យាល័យ ភូមិន្ទកសិកម្ម
260 _aPHNOM PENH
_bSUN
_c2015
300 _axi;34p.
_bill.
_c29m.
856 _uSUN PHANIT
942 _cFOR
999 _c11017
_d11017